Fűszernövények

Bibliographic Details
Main Author: Járainé Komlódi, Magda (Author)
Other Authors: Lexáné Regéczy, Márta (Illustrator)
Format: Book
Language:Hungarian
Slovak
PhysicalDescription:64 s. ilustr. 17 cm
Published: Bratislava Madách 1980
Edition:1. kiad.
Series:Búvár zsebkönyvek
Subjects:

MARC

LEADER 00000cam a2200000 a 4500
001 vtls001102317
003 SK-MaSNL
005 20260301183136.0
008 250414s1980 xo af jrn 00100 hun
015 |a SNBA1980/07 
035 |a SNK000045159 
040 |a SNK  |b slo  |c SNK  |e AACR2 
041 0 |a hun  |a slo 
044 |a xo  |c SK 
080 |a 633.8(084.42)=945.11  |2 1981 
080 |a 582(084.42)  |2 1981 
100 1 |a Járainé Komlódi, Magda  |4 aut  |9 316663 
245 1 0 |a Fűszernövények  |c írta Magda Járainé Komlódi ; rajzolta Lexané Regéczy Márta 
246 1 1 |a Koreniny 
250 |a 1. kiad. 
260 |a Bratislava  |b Madách  |c 1980  |e Budapest  |f Kossuth Nyomda 
300 |a 64 s.  |b ilustr.  |c 17 cm 
366 |e 1900 výtl. 
490 1 |a Búvár zsebkönyvek 
500 |a Spoluvydalo Móra Ferenc Ifjúsági Könyvkiadó, Budapest 
504 |a Obsahuje register 
546 |a Súbežný názov v slovenčine 
650 0 7 |a koreniny  |2 SNKPH  |9 279315 
655 7 |a atlasy  |2 SNKPH  |9 70424 
655 7 |a publikácie pre mládež  |2 SNKPH  |9 70434 
700 1 |a Lexáné Regéczy, Márta  |4 ill  |9 558014 
710 2 |a Móra Ferenc Kőnyvkiadó  |4 pbl  |9 227627 
830 0 |a Búvár zsebkönyvek  |9 306474 
852 |a Slovenská národná knižnica 
958 |a TL 
958 |a HU 
958 |a OND 
958 |a DB 
958 |a NB 
999 |c 855982  |d 857912 
952 |a SNK  |b SNK  |y VYP  |7 0  |p 17A1126671  |o snkSD 51282 D1  |i snk2019/5201  |8 7  |0 0  |1 0  |4 0  |d 2019-02-25  |l 0  |r 2026-02-24 04:56:17  |w 2026-02-24